000 00667nam a2200241Ia 4500
003 OSt
005 20220923211040.0
006 a|||||r|||| 00| 0
007 ta
008 Pun
020 _a8173290369 (hbk)
024 _a233,042
037 _cTextual
040 _aARTS
_cARTS
_bPun
041 _2Pun
_aPun
082 _aO153,6x, N6
100 _aਦੁੱਗਲ, ਕਰਤਾਰ ਸਿੰਘ
_9156274
245 0 _aਯਾਦ ਕਰਦਿਆਂ
260 _aਦਿੱਲੀ
_b Fਿਲਾਲੇਖ
_c1996
300 _a216ਪੰ
_ccm.
942 _hO153,6x, N6
_cTEXL
_2CC
999 _c294497
_d294497